McGraw-Hill dictionary of bioscience

This comprehensive reference defines nearly 16,000 essential terms in the biosciences. Biologists, researchers, technicians, educators, and students will have access to accurate definitions covering the fields of anatomy, embryology, physiology, cell biology, morphology, taxonomy, genetics, immunolo...

Full beskrivning

Sparad:
Bibliografiska uppgifter
Huvudupphovsman: Parker, Sybil P.
Materialtyp: Bok
Språk:Undetermined
Publicerad: New York McGraw-Hill 1997
Ämnen:
Taggar: Lägg till en tagg
Inga taggar, Lägg till första taggen!
Thư viện lưu trữ: Trung tâm Học liệu Trường Đại học Cần Thơ
LEADER 00901nam a2200193Ia 4500
001 CTU_149180
008 210402s9999 xx 000 0 und d
082 |a 574.03 
082 |b P242 
100 |a Parker, Sybil P. 
245 0 |a McGraw-Hill dictionary of bioscience 
245 0 |c Sybil P. Parker, editor in chief 
260 |a New York 
260 |b McGraw-Hill 
260 |c 1997 
520 |a This comprehensive reference defines nearly 16,000 essential terms in the biosciences. Biologists, researchers, technicians, educators, and students will have access to accurate definitions covering the fields of anatomy, embryology, physiology, cell biology, morphology, taxonomy, genetics, immunology, virology, evolution, and molecular biology. Valuable appendices are also included. 
650 |a Biology,Life sciences 
904 |i Giang 
980 |a Trung tâm Học liệu Trường Đại học Cần Thơ